El Mercurio ideología y propaganda 1954-1994. Ensayo 1 propaganda de agitación en el periodo agosto 1972-marzo 1973

Guardado en:
Detalles Bibliográficos
Autor principal: Durán, Claudio (Autor)
Formato: Libro
Lenguaje:español
Publicado: Santiago CESOC 1995
Colección:Ensayos de Interpretación Bi-Lógica y Psico-Histórica
Materias:
Etiquetas: Agregar Etiqueta
Sin Etiquetas, Sea el primero en etiquetar este registro!

MARC

LEADER 00000nam a2200000 a 4500
001 UCI2844
003 CL-VaPUC
008 070928e19950000CL |||||||||||||||||spa|d
020 |a 9562110400 
082 0 4 |a 070.442  |b DUR  |2 21 
100 0 |a Durán, Claudio  |e author  |9 524033 
245 1 3 |a El Mercurio ideología y propaganda 1954-1994. Ensayo 1 propaganda de agitación en el periodo agosto 1972-marzo 1973 
300 |a 153 p 
942 |c BK 
945 |d 20070928 00:00:00  |a rbrito 
260 |a Santiago  |b CESOC  |c 1995 
600 0 7 |a EL MERCURIO  |2 CL-VaPUC  |9 446120 
650 0 |a Periódicos   |9 335528 
650 0 |a Propaganda política   |9 435732 
650 0 |a Política  |9 255312 
650 0 |a Medios de comunicación de masas  |9 257273 
650 0 |a Noticias periodísticas  |9 335529 
650 7 |a PRENSA DE INFORMACION  |2 CL-VaPUC  |9 335512 
650 7 |a TRANSMISION DE NOTICIAS  |2 CL-VaPUC  |9 345675 
583 |a last modification  |c 20070928 00:00:00  |k Rodrigo Vera 
490 0 |a Ensayos de Interpretación Bi-Lógica y Psico-Histórica 
999 |c 327266  |d 327264 
952 |0 0  |1 0  |4 0  |6 070_442000000000000_DUR_1995  |7 0  |8 A  |9 409837  |a FDOPOS  |b FDOPOS  |d 2019-11-22  |i 4374940  |o 070.442 DUR 1995  |p 4374940  |r 2025-01-22  |w 2019-11-22  |y BK  |k MLA